| 000 -LEADER |
| fixed length control field |
00523nam a22001457a 4500 |
| 003 - CONTROL NUMBER IDENTIFIER |
| control field |
Ge_BSU |
| 005 - DATE AND TIME OF LATEST TRANSACTION |
| control field |
20251110141222.0 |
| 008 - FIXED-LENGTH DATA ELEMENTS--GENERAL INFORMATION |
| fixed length control field |
251110r2025 ge ||||| |||| 00| 0 geo d |
| 022 ## - INTERNATIONAL STANDARD SERIAL NUMBER |
| International Standard Serial Number |
01321447 |
| 041 ## - LANGUAGE CODE |
| Language code of text/sound track or separate title |
geo |
| 245 ## - TITLE STATEMENT |
| Title |
მოამბე = Bulletin : |
| Remainder of title |
2025 / |
| Statement of responsibility, etc. |
რედ. როინ მეტრეველი; საქართველოს მეცნიერებათა ეროვნული აკადემია. |
| 260 ## - PUBLICATION, DISTRIBUTION, ETC. |
| Place of publication, distribution, etc. |
თბილისი, |
| Date of publication, distribution, etc. |
2025. |
| 300 ## - PHYSICAL DESCRIPTION |
| Extent |
V. |
| 942 ## - ADDED ENTRY ELEMENTS (KOHA) |
| Source of classification or shelving scheme |
|
| Koha item type |
პერიოდიკა |